| 000 | 00982nam a22002537a 4500 | ||
|---|---|---|---|
| 005 | 2011121303403.0 | ||
| 008 | 111213t xxu||||| |||| 00| 0 eng d | ||
| 010 | _aENG-104308 | ||
| 020 |
_a9780198075530 _c750.00 |
||
| 020 |
_a0198075537 _c750.00 |
||
| 035 | _aEN-87841 | ||
| 037 | _bDBAD/PUB | ||
| 040 |
_aDPL _bEng |
||
| 082 | _a384.0954 | ||
| 100 | 1 |
_aVaradharajan Sridhar _936887 |
|
| 245 | 1 | 4 |
_aThe telecom revolution in India : _cby Varadharajan Sridhar _btechnology, regulation and policy / |
| 260 |
_aNew Delhi _bOxford University Press _c2012 |
||
| 270 |
_aYMCA Library Building , 1 Jai Singh Road _bNew Delhi _e110001 |
||
| 300 |
_axviii,342p. _c23cm (Hb) |
||
| 500 | _aIncludes bibliographical references and index. | ||
| 942 |
_2ddc _cEN _h384.0954 _mVAR |
||
| 999 |
_c59371 _d59371 |
||